How many kpop 4th gen groups do you know? - Statistics

General Stats
  • This quiz has been taken 322 times
  • The average score is 20 of 55
Answer Stats
Answer % Correct
. Straykids
90%
. Itzy
89%
. Newjeans
89%
. Txt
88%
. Enhypen
87%
. Lesserafim
86%
. Ive
81%
. Aespa
80%
. (G)i-dle
80%
. Nmixx
79%
. Ateez
74%
. Kep1er
67%
. Iz*one
65%
. Loona
59%
. Stayc
58%
. Treasure
54%
. Fromis_9
52%
. Everglow
50%
. The boyz
50%
. Purple kiss
48%
. Billlie
42%
. P1harmony
42%
. Weeekly
35%
. Viviz
30%
. Got
28%
. AB6IX
27%
. Cherry bullet
27%
. Fifty fifty
27%
. Cix
25%
. Tri.be
25%
. Classy
22%
. Lightsum
22%
. Triples
22%
. Superm
19%
. X1
19%
. Lapillus
18%
. Nature
18%
. Pixy
18%
. Mcnd
13%
. Secret number
13%
. Niziu
12%
. Woo!ah!
12%
. Epex
11%
. H1-key
11%
. Sf9
11%
. Bugaboo
10%
. Limelight
10%
. Bvndit
9%
. Alice
7%
. Csr
6%
. Lunarsolar
5%
. Hot issue
4%
. Ichillin
4%
. Neonpunch
3%
. Skyle
1%
No matching quizzes found
Score Distribution
Percent of People with Each Score
Percentile by Number Answered
Your Score History
You have not taken this quiz